<?xml version="1.0" encoding="UTF-8"?>
<record
    xmlns:xsi="http://www.w3.org/2001/XMLSchema-instance"
    xsi:schemaLocation="http://www.loc.gov/MARC21/slim http://www.loc.gov/standards/marcxml/schema/MARC21slim.xsd"
    xmlns="http://www.loc.gov/MARC21/slim">

  <leader>00928nam0a2200289   4500</leader>
  <controlfield tag="001">RU\NLR\ONL2\10662</controlfield>
  <controlfield tag="005">20250613130909.0</controlfield>
  <datafield tag="010" ind1=" " ind2=" ">
    <subfield code="a">978-5-7608-0525-6</subfield>
    <subfield code="9">300</subfield>
  </datafield>
  <datafield tag="035" ind1=" " ind2=" ">
    <subfield code="a">(NLR Aleph) 009658251</subfield>
  </datafield>
  <datafield tag="090" ind1=" " ind2=" ">
    <subfield code="a">9600761</subfield>
    <subfield code="c">9600761</subfield>
  </datafield>
  <datafield tag="100" ind1=" " ind2=" ">
    <subfield code="a">20080905d2007    |||y0rusy50      ca</subfield>
  </datafield>
  <datafield tag="101" ind1="0" ind2=" ">
    <subfield code="a">ady</subfield>
  </datafield>
  <datafield tag="102" ind1=" " ind2=" ">
    <subfield code="a">RU</subfield>
  </datafield>
  <datafield tag="105" ind1=" " ind2=" ">
    <subfield code="a">y |||||||||</subfield>
  </datafield>
  <datafield tag="200" ind1="1" ind2=" ">
    <subfield code="a">&#x41A;&#x44A;&#x44B;&#x441;&#x444;&#x430;&#x43A;I&#x443;, &#x43E;&#x440;&#x44D;&#x434;</subfield>
    <subfield code="e">&#x443;&#x441;&#x44D;&#x445;&#x44D;&#x440;</subfield>
    <subfield code="f">&#x428;&#x44D;&#x43A;I&#x43E; &#x410;&#x431;&#x440;&#x435;&#x43A;</subfield>
  </datafield>
  <datafield tag="210" ind1=" " ind2=" ">
    <subfield code="a">&#x41C;&#x44B;&#x435;&#x43A;&#x44A;&#x443;&#x430;&#x43F;&#x44D;</subfield>
    <subfield code="c">&#x410;&#x434;&#x44B;&#x433;&#x44D; &#x420;&#x435;&#x441;&#x43F;. &#x438;&#x442;&#x445;&#x44B;&#x43B;&#x44A; &#x442;&#x435;&#x434;&#x437;&#x430;&#x43F;I</subfield>
    <subfield code="d">2007</subfield>
  </datafield>
  <datafield tag="215" ind1=" " ind2=" ">
    <subfield code="a">125 &#x441;.</subfield>
    <subfield code="d">17</subfield>
  </datafield>
  <datafield tag="541" ind1="1" ind2=" ">
    <subfield code="6">z01790</subfield>
    <subfield code="a">&#x41F;&#x440;&#x438;&#x434;&#x438;, &#x43F;&#x435;&#x441;&#x43D;&#x44F;</subfield>
    <subfield code="e">&#x441;&#x442;&#x438;&#x445;&#x43E;&#x442;&#x432;&#x43E;&#x440;&#x435;&#x43D;&#x438;&#x44F;</subfield>
    <subfield code="z">rus</subfield>
  </datafield>
  <datafield tag="686" ind1="1" ind2=" ">
    <subfield code="a">&#x428;6(2=&#x410;&#x434;&#x44B;&#x433;)7-5</subfield>
  </datafield>
  <datafield tag="700" ind1=" " ind2="1">
    <subfield code="a">&#x428;&#x44D;&#x43A;I&#x43E;</subfield>
    <subfield code="b">&#x410;.</subfield>
    <subfield code="g">&#x410;&#x431;&#x440;&#x435;&#x43A;</subfield>
    <subfield code="4">070</subfield>
  </datafield>
  <datafield tag="790" ind1=" " ind2="1">
    <subfield code="6">z01541</subfield>
    <subfield code="a">&#x428;&#x430;&#x43A;&#x43E;&#x432;</subfield>
    <subfield code="b">&#x410;. &#x428;.</subfield>
    <subfield code="g">&#x410;&#x431;&#x440;&#x435;&#x43A; &#x428;&#x430;&#x431;&#x430;&#x43D;&#x43E;&#x432;&#x438;&#x447;</subfield>
    <subfield code="4">070</subfield>
  </datafield>
  <datafield tag="801" ind1=" " ind2="0">
    <subfield code="a">RU</subfield>
    <subfield code="b">NLR</subfield>
    <subfield code="c">20080905</subfield>
    <subfield code="g">PSBO</subfield>
  </datafield>
  <datafield tag="852" ind1=" " ind2=" ">
    <subfield code="a">NLR</subfield>
    <subfield code="b">&#x41E;&#x41D;&#x41B;</subfield>
    <subfield code="j">&#x410;&#x434;&#x44B;&#x433;./2-1028</subfield>
  </datafield>
  <datafield tag="942" ind1=" " ind2=" ">
    <subfield code="c">BOOK</subfield>
  </datafield>
  <datafield tag="980" ind1=" " ind2=" ">
    <subfield code="a">NB</subfield>
  </datafield>
  <datafield tag="980" ind1=" " ind2=" ">
    <subfield code="a">ONL_RF</subfield>
  </datafield>
  <datafield tag="995" ind1=" " ind2=" ">
    <subfield code="5">2013-10-26</subfield>
    <subfield code="b">NLR01</subfield>
    <subfield code="c">NLR01</subfield>
    <subfield code="e">ONL</subfield>
    <subfield code="f">1-2991607</subfield>
    <subfield code="k">&#x41E;&#x41D;&#x41B; &#x410;&#x434;&#x44B;&#x433;./2-1028</subfield>
    <subfield code="o">0</subfield>
    <subfield code="r">BOOK</subfield>
    <subfield code="s">_21028</subfield>
  </datafield>
</record>
